Central Library OPAC University of Rajshahi

Medicinal plants of the world : (Record no. 36613)

MARC details
000 -LEADER
fixed length control field 00821nam a2200253 a 4500
001 - CONTROL NUMBER
control field 36613
003 - CONTROL NUMBER IDENTIFIER
rucl marc code BD-RjUL
005 - DATE AND TIME OF LATEST TRANSACTION
control field 20211209052517.0
008 - FIXED-LENGTH DATA ELEMENTS--GENERAL INFORMATION
fixed length control field 140804s1999 njua be 001 0 eng
020 ## - INTERNATIONAL STANDARD BOOK NUMBER
International Standard Book Number 0896035425
035 ## - SYSTEM CONTROL NUMBER
System control number (BD-RjUL)36714
040 ## - CATALOGING SOURCE
Original cataloging agency DLC
Transcribing agency DLC
Modifying agency DLC
-- BD-RjUL
Language of cataloging eng
041 ## - LANGUAGE CODE
Language code of text/sound track or separate title eng
082 00 - DEWEY DECIMAL CLASSIFICATION NUMBER
Classification number 615.32
Edition number 21
Author mark and year ROM 1999
100 1# - MAIN ENTRY--PERSONAL NAME
Personal name Ross, Ivan A.
9 (RLIN) 111601
245 10 - TITLE STATEMENT
Title Medicinal plants of the world :
Remainder of title chemical constituents, traditional, and modern medicinal uses /
Statement of responsibility, etc. by Ivan A. Ross.
260 ## - PUBLICATION, DISTRIBUTION, ETC. (IMPRINT)
Place of publication, distribution, etc. Totowa, N.J. :
Name of publisher, distributor, etc. Humana Press,
Date of publication, distribution, etc. c1999
300 ## - PHYSICAL DESCRIPTION
Pagination xi, 415 p. :
Illustrations ill. (some col.) ;
Size 26 cm.
504 ## - BIBLIOGRAPHY, ETC. NOTE
Bibliography, etc Includes bibliographical references and indexes.
650 #0 - SUBJECT ADDED ENTRY--TOPICAL TERM
Topical term or geographic name as entry element Medicinal plants
Form subdivision Encyclopedias.
9 (RLIN) 111602
942 ## - ADDED ENTRY ELEMENTS (KOHA)
Source of classification or shelving scheme Dewey Decimal Classification
Koha item type Books
Holdings
Lost status Source of classification or shelving scheme Damaged status Not for loan Collection code Permanent Location Current Location Shelving location Date acquired Source of acquisition Cost, normal purchase price Total Checkouts Full call number Date last seen Copy number Koha item type
  Dewey Decimal Classification   Not For Loan Non-fiction Institute of Biological Sciences (IBSc) Library Institute of Biological Sciences (IBSc) Library   04/08/2014 Karim Internatinal 6872.00   615.32 ROM 1999 04/08/2014 C-1 Books